| 000 | 00741nam a22002177a 4500 | ||
|---|---|---|---|
| 003 | OSt | ||
| 005 | 20240530110421.0 | ||
| 008 | 150311s2009 ua ao f 001 0 eng d | ||
| 020 | _a9789774162442 | ||
| 035 | _a(OCoLC)694142397 | ||
| 040 |
_aEG-CaGPL _cEG-CaGPL |
||
| 082 | 0 | 4 |
_221 _a723.3\ _bO C |
| 245 | 0 | 0 |
_aCreswell photographs re-examined : _bnew perspectives on Islamic architecture / _cedited by Bernard O'Kane. |
| 260 |
_aCairo : _bAmerican University In Cairo Press, _c2009 |
||
| 300 |
_axxiii, 332, [60] p. : _bill. ; _c24 cm. |
||
| 504 | _aIncludes bibliographical references and index. | ||
| 600 | 1 | _aCreswell, K. A. C. | |
| 650 | 0 |
_aIslamic architecture _zegypt |
|
| 650 | 0 | _aIslamic decoration and ornament. | |
| 942 |
_2ddc _cBK |
||
| 999 |
_c60662 _d60662 |
||